000
00329 a2200157 4500
001
161529
020
_a
040
_c
Magnum
100
_a
Teixeira Jr., Luiz Alexandre
240
1
0
_a
O engenho colonial
_l
por
245
1
0
_a
O engenho colonial
362
0
_a
1899
440
1
_a
Ática
697
_a
PARADIDATICO
942
_c
BK
999
_c
161529
_d
161529